|
|
|
|
| LEADER |
00000cam a2200000 a 4500 |
| 001 |
vtls008352252 |
| 003 |
SK-MaSNL |
| 005 |
20260301020628.0 |
| 008 |
180814s1974 xo 000 0 slo |
| 015 |
|
|
|a SNBA1974/07-01845
|
| 035 |
|
|
|a SK01SNK19740044469
|
| 035 |
|
|
|a SKM000046932
|
| 040 |
|
|
|a SNK
|b slo
|c SNK
|e AACR2
|
| 041 |
1 |
|
|a slo
|
| 044 |
|
|
|a xo
|c SK
|
| 080 |
|
|
|a 51(075.8)(076.5)
|2 1981
|
| 245 |
1 |
0 |
|a Matematika
|b matematické úlohy na prijímacie skúšky : ... určená uchádzačom o prijatie do 1. roč. Elektrotechn. fak. SVŠT
|c autori: A. Galan ... [et al.]
|
| 250 |
|
|
|a 1. vyd., 1. dotlač
|
| 260 |
|
|
|a Bratislava
|b Slovenská vysoká škola technická
|c 1974
|
| 300 |
|
|
|a 211, [3] s.
|b ilustr., sch.
|c 4°
|
| 366 |
|
|
|e 2000 výt.
|
| 504 |
|
|
|a Bibliogr.
|
| 650 |
0 |
7 |
|a matematika
|2 SNKPH
|9 70174
|
| 650 |
0 |
7 |
|a stredné školy
|2 SNKPH
|9 1279
|
| 655 |
|
7 |
|a učebnice
|2 SNKPH
|9 22521
|
| 655 |
|
7 |
|a zbierky úloh
|2 SNKPH
|9 70562
|
| 700 |
1 |
|
|a Galan, Andrej,
|d 1915-1995
|4 aut
|9 5297
|
| 958 |
|
|
|a OND
|
| 958 |
|
|
|a RK
|
| 958 |
|
|
|a RM
|
| 958 |
|
|
|a NB
|
| 958 |
|
|
|a UC
|
| 999 |
|
|
|c 563434
|d 565364
|
| 952 |
|
|
|a SNK
|b SNK
|y PREZ
|7 0
|p 17A0901974
|o snkSB 21077
|i snkKSP 5310/74
|0 0
|1 0
|4 0
|d 2014-04-14
|f 1
|l 0
|r 2025-03-24 00:00:00
|w 2026-02-23
|